[Event "EU-ch Blitz"]
[Site "Zagreb"]
[Date "2023.12.16"]
[Round "1"]
[White "Zadro, Matej"]
[Black "Grigoriants, Sergey"]
[Result "0-1"]
[WhiteElo "1897"]
[BlackElo "2544"]
[PlyCount "76"]
[EventDate "2023.12.16"]
[EventType "swiss (blitz)"]
[EventRounds "13"]
[EventCountry "CRO"]
[SourceTitle "CB51_2023"]
[SourceDate "2023.12.20"]
[SourceVersion "1"]
[SourceVersionDate "2023.12.20"]
[SourceQuality "1"]

1. e4 c6 2. d4 d5 3. exd5 cxd5 4. c4 Nf6 5. Nc3 e6 6. Nf3 Bb4 7. cxd5 Nxd5 8. Qc2 Nc6 9. Bd3 h6 10. 0-0 0-0 11. Bd2 Nf6 12. a3 Bd6 13. Rac1 Bd7 14. Ne4 Nxe4 15. Bxe4 Rc8 16. Qd3 Qb6 17. Bc3 Ne7 18. Rfd1 Ba4 19. Re1 Rfd8 20. Qd2 Bc6 21. Ba5 Qb5 22. Bxc6 Nxc6 23. Bxd8 Rxd8 24. b4 Ne7 25. Qe2 Qa4 26. Rc3 Nd5 27. Qc2 Nxc3 28. Qxc3 Qb5 29. Rc1 Qd5 30. h3 Bf4 31. Rd1 Qb5 32. g3 Bd6 33. Kg2 Qd5 34. Re1 b6 35. Qe3 a5 36. bxa5 bxa5 37. a4 Rb8 38. Kh2 Rb3 0-1